| 000 | 00460nam a22001217a 4500 | ||
|---|---|---|---|
| 999 |
_c9376 _d9376 |
||
| 003 | OSt | ||
| 008 | 201203b ||||| |||| 00| 0 eng d | ||
| 245 | _aIndian Journal Of Civil Engineering And Architecture | ||
| 250 | _a2016( Jan-Jun Vol.4 No.1, Jul-Dec Vol.4 No.2 ) 2017( Jan-Jun Vol.5 No.1, Jul-Dec Vol.5 No.2 ) 2018( Jan-Jun Vol.6 No.1, Jul-Dec Vol.6 No.2 ) | ||
| 260 |
_aNew Delhi _bAcademic Research Journals |
||
| 650 | _aCivil Engineering | ||
| 942 |
_2ddc _cBV |
||